000 00541nam a2200157 a 4500
005 20140221160205.0
008 140221b1993 sp ||||| |||| 00| 0 spa d
041 _aspa
044 _asp
090 _aLB
_b00722
100 _aFerruzzi, Carlo
_98954
245 _aManual de lombricultura
_bla lombriz rojo, las lombrices silvestres o comunes, la lombriz domestica criadero familiar, criadero industrial, organización, alimentación comercialización
260 _aMadrid
_bEdiciones Mundi-prensa
_c1987
300 _a138 p.
942 _cImpreso
_2z
999 _c737
_d737